Сочинения. Т. 2: Истина и легенда (Запись № 6794593)

Подробности
000 -МАРКЕР
контрольное поле 01671nam2a22003011 4500
001 - ИДЕНТИФИКАТОР ЗАПИСИ
контрольное поле rc\980921
005 - ИДЕНТИФИКАТОР ВЕРСИИ
контрольное поле 20250622110436.0
035 ## - ДРУГИЕ СИСТЕМНЫЕ НОМЕРА
Идентификатор записи (NLR Aleph) 006255455
100 ## - ДАННЫЕ ОБЩЕЙ ОБРАБОТКИ
Данные общей обработки 20041129d1982 |||y0rusy50 ca
101 0# - ЯЗЫК РЕСУРСА
Язык текста, звукозаписи и т.д. русский
102 ## - СТРАНА ПУБЛИКАЦИИ ИЛИ ПРОИЗВОДСТВА
Страна публикации Российская Федерация
105 ## - ПОЛЕ КОДИРОВАННЫХ ДАННЫХ: ТЕКСТОВЫЕ МАТЕРИАЛЫ, МОНОГРАФИЧЕСКИЕ
Кодированные данные о монографическом текстовом документе a |||||||||
200 1# - ЗАГЛАВИЕ И СВЕДЕНИЯ ОБ ОТВЕТСТВЕННОСТИ
Основное заглавие Истина и легенда
Первые сведения об ответственности Авториз. пер. с каз. Т. Сартаковой
210 ## - ПУБЛИКАЦИЯ, РАСПРОСТРАНЕНИЕ И ДР.
Дата издания, распространения и т.д. 1982
Место издания, распространения и т.д. Б. м.
215 ## - ФИЗИЧЕСКАЯ ХАРАКТЕРИСТИКА
Специфическое обозначение материала и объем 413 с.
Другие сведения о физической характеристике ил.
300 ## - ОБЩИЕ ПРИМЕЧАНИЯ
Текст примечания На пер. и корешке только загл. т.
327 1# - ПРИМЕЧАНИЯ О СОДЕРЖАНИИ
Текст примечания Содерж.: Истина и легенда: Роман-диалог [о Б. Момыш-улы]; Неоконченный разговор: Повесть-монолог; Из фронтовых тетрадей
461 #0 - УРОВЕНЬ НАБОРА
Встроенное поле 001rc\980919
-- 2001#$aСочинения$eВ 2 т.$eПер. с каз.$fАзильхан Нуршаихов$g[Вступ. ст. М. Дуйсенова$gХудож. К. Кометов]$vТ. 2
-- 700#1$aНуршаихов$bА.$f1922-2011$gАзильхан$3RU\NLR\AUTH\770240134
Системный номер (АБИС) связанной записи 6794578
Автор Нуршаихов, А. (1922-2011)
Место публикации Алма-Ата
Дата публикации 1982
Первые сведения об ответственности Азильхан Нуршаихов
Имя издателя, распространителя и т.д. Жазушы
Сведения, относящиеся к заглавию В 2 т. : Пер. с каз.
Заглавие Сочинения
Номер тома Т. 2
464 #0 - АНАЛИТИЧЕСКИЙ УРОВЕНЬ
Встроенное поле 2001#$aИстина и легенда
Заглавие Истина и легенда
464 #0 - АНАЛИТИЧЕСКИЙ УРОВЕНЬ
Встроенное поле 2001#$aНеоконченный разговор
Заглавие Неоконченный разговор
464 #0 - АНАЛИТИЧЕСКИЙ УРОВЕНЬ
Встроенное поле 2001#$aИз фронтовых тетрадей
Заглавие Из фронтовых тетрадей
801 #0 - ИСТОЧНИК ЗАПИСИ
Страна Российская Федерация
Организация NLR
Правила каталогизации psbo
801 #1 - ИСТОЧНИК ЗАПИСИ
Страна Российская Федерация
Организация ELAR
Источник данных rusmarc
852 ## - МЕСТОНАХОЖДЕНИЕ И ШИФР ХРАНЕНИЯ
Идентификатор организации NLR
Шифр хранения (Call Number) 83-5/753
942 ## - ДОПОЛНИТЕЛЬНЫЕ ЭЛЕМЕНТЫ ЗАПИСИ (АБИС)
Тип экземпляра АБИС Книга
980 ## - КОЛЛЕКЦИЯ
Название коллекции Национальная библиография
Экземпляры
Тип экземпляра Дата поступления Библиотека постоянного хранения Библиотека текущего хранения Место хранения Шифр хранения Штрих-код Статус экземпляра
Книга 26.10.2013 РНБ (Московский) РНБ (Московский) Русский книжный фонд: издания с 1957 года 83-5/753 6255455-10